000 01577nam a2200373Ia 4500
001 ebr10437928
003 CaPaEBR
006 m u
007 cr cn|||||||||
008 090320s2009 tnua sb s001 0 eng d
010 _z 2009010595
020 _z1572336773 (acid-free paper)
020 _z9781572336773 (acid-free paper)
040 _aCaPaEBR
_cCaPaEBR
035 _a(OCoLC)699513588
050 1 4 _aPS374.B69
_bP37 2009eb
100 1 _aParille, Ken.
245 1 0 _aBoys at home
_h[electronic resource] :
_bdiscipline, masculinity, and the boy-problem in nineteenth-century American literature /
_cKen Parille.
250 _a1st ed.
260 _aKnoxville :
_bUniversity of Tennessee Press,
_cc2009.
300 _axxvii, 153 p. :
_bill.
504 _aIncludes bibliographical references and index.
533 _aElectronic reproduction.
_bPalo Alto, Calif. :
_cebrary,
_d2011.
_nAvailable via World Wide Web.
_nAccess may be limited to ebrary affiliated libraries.
650 0 _aAmerican fiction
_y19th century
_xHistory and criticism.
650 0 _aBoys in literature.
650 0 _aBoys
_xBooks and reading
_zUnited States.
650 0 _aBoys
_xEducation
_zUnited States
_xHistory
_y19th century.
650 0 _aChildren in literature.
650 0 _aChildren's stories, American
_xHistory and criticism.
650 0 _aMasculinity in literature.
655 7 _aElectronic books.
_2local
710 2 _aebrary, Inc.
856 4 0 _uhttp://site.ebrary.com/lib/rucke/Doc?id=10437928
_zAn electronic book accessible through the World Wide Web; click to view
999 _c243367
_d243367